Detalles MARC
| 000 -CABECERA |
| campo de control de longitud fija |
01791nam a2200349 i 4500 |
| 001 - NÚMERO DE CONTROL |
| campo de control |
000036186 |
| 003 - IDENTIFICADOR DEL NÚMERO DE CONTROL |
| campo de control |
DO-SdBNP |
| 005 - FECHA Y HORA DE LA ÚLTIMA TRANSACCIÓN |
| campo de control |
20250721132610.0 |
| 007 - CAMPO FIJO DE DESCRIPCIÓN FÍSICA--INFORMACIÓN GENERAL |
| campo de control de longitud fija |
ta |
| 008 - DATOS DE LONGITUD FIJA--INFORMACIÓN GENERAL |
| campo de control de longitud fija |
120110s2011 dr acd 001 0 spa d |
| 040 ## - FUENTE DE LA CATALOGACIÓN |
| Centro catalogador/agencia de origen |
DO-SdBNP |
| Lengua de catalogación |
spa |
| Centro/agencia transcriptor |
BNPHU |
| Normas de descripción |
rda |
| 041 ## - CÓDIGO DE LENGUA |
| Código de lengua del texto/banda sonora o título independiente |
spa |
| 082 #4 - NÚMERO DE LA CLASIFICACIÓN DECIMAL DEWEY |
| Número de clasificación |
352.15 |
| Número de documento/Ítem |
R426p |
| Número de edición |
22 |
| 110 1# - ENTRADA PRINCIPAL--NOMBRE DE ENTIDAD CORPORATIVA |
| Nombre de entidad corporativa o nombre de jurisdicción como elemento de entrada |
República Dominicana |
| Unidad subordinada |
Ayuntamiento de Boca Chica |
| 9 (RLIN) |
62224 |
| 245 10 - MENCIÓN DE TÍTULO |
| Título |
Plan estratégico de desarrollo municipal : |
| Resto del título |
2011-2016 / |
| Mención de responsabilidad, etc. |
presentación Daniel Ozuna. |
| 246 00 - FORMA VARIANTE DE TÍTULO |
| Título propio/Titulo breve |
Plan estratégico de desarrollo cabildo de Boca Chica 2011-2016 : |
| 264 ## - PRODUCCIÓN, PUBLICACIÓN, DISTRIBUCIÓN, FABRICACIÓN Y COPYRIGHT |
| Producción, publicación, distribución, fabricación y copyright |
Santo Domingo : |
| Nombre del de productor, editor, distribuidor, fabricante |
Ayuntamiento Municipal Boca Chica, |
| Fecha de producción, publicación, distribución, fabricación o copyright |
2011. |
| 300 ## - DESCRIPCIÓN FÍSICA |
| Extensión |
102 páginas : |
| Otras características físicas |
ilustraciones, gráficos, retratos ; |
| Dimensiones |
29 cm. |
| 336 ## - TIPO DE CONTENIDO |
| Término de tipo de contenido |
texto |
| Código de tipo de contenido |
txt |
| Fuente |
rdacontent |
| 337 ## - TIPO DE MEDIO |
| Nombre/término del tipo de medio |
sin mediación |
| Código del tipo de medio |
n |
| Fuente |
rdamedia |
| 338 ## - TIPO DE SOPORTE |
| Nombre/término del tipo de soporte |
volumen |
| Código del tipo de soporte |
nc |
| Fuente |
rdacarrier |
| 505 0# - NOTA DE CONTENIDO CON FORMATO |
| Nota de contenido con formato |
Introducción -- |
| Título |
Consejo municipal -- |
| -- |
Órgano ejecutivo, equipo técnico y encargados -- |
| -- |
Resolución -- |
| -- |
Capítulo introductorio -- |
| -- |
Descripción y análisis de la situación actual del Municipio de Boca Chica -- |
| -- |
Perfil institucional del Cabildo de Boca Chica -- |
| -- |
Análisis FODA -- |
| -- |
Perfil estratégico Cabildo de Boca Chica -- |
| -- |
Seguridad y prevención -- |
| -- |
Administración eficaz del municipio -- |
| -- |
Cuadro de Mando Integral (CMI) -- |
| Información miscelánea |
Anexos. |
| 590 ## - NOTA LOCAL (RLIN) |
| Nota local |
Inventariado,2018/DG |
| 650 #0 - PUNTO DE ACCESO ADICIONAL DE MATERIA--TÉRMINO DE MATERIA |
| Término de materia o nombre geográfico como elemento de entrada |
Gobierno municipal |
| Subdivisión geográfica |
Boca Chica (República Dominicana) |
| 9 (RLIN) |
17207 |
| 650 #4 - PUNTO DE ACCESO ADICIONAL DE MATERIA--TÉRMINO DE MATERIA |
| Término de materia o nombre geográfico como elemento de entrada |
Planificación estratégica |
| 9 (RLIN) |
2433 |
| 651 #4 - PUNTO DE ACCESO ADICIONAL DE MATERIA--NOMBRE GEOGRÁFICO |
| Nombre geográfico |
Boca Chica (República Dominicana) |
| Subdivisión general |
Política económica |
| 9 (RLIN) |
62226 |
| 651 #4 - PUNTO DE ACCESO ADICIONAL DE MATERIA--NOMBRE GEOGRÁFICO |
| Nombre geográfico |
Boca Chica (República Dominicana |
| 9 (RLIN) |
80640 |
| 651 #4 - PUNTO DE ACCESO ADICIONAL DE MATERIA--NOMBRE GEOGRÁFICO |
| Nombre geográfico |
Boca Chica (República Dominicana) |
| Subdivisión general |
Política social |
| 9 (RLIN) |
62227 |
| 700 1# - PUNTO DE ACCESO ADICIONAL--NOMBRE DE PERSONA |
| Nombre de persona |
Ozuna, Daniel, |
| Término indicativo de función/relación |
presentación |
| 9 (RLIN) |
62228 |
| 910 ## - DATOS DE OPCIÓN DEL USUARIO (OCLC) |
| Datos de opción del usuario |
Validado. Control de calidad EMS |
| 942 ## - ELEMENTOS DE PUNTO DE ACCESO ADICIONAL (KOHA) |
| Fuente del sistema de clasificación o colocación |
Dewey Decimal Classification |
| Tipo de ítem Koha |
Libro |